000 01482na a2200397 4500
001 22686
003 MIRAKIL
005 20181213154838.0
008 170223b tu 000 0
040 _aMilas
_btur
_cTR-AnCHP
041 _atur
082 _aCHP 305.242
_bC36g 1999/01
090 _aCHP 305.242 C36g 1999/01
091 _aGENÇLİK 1
110 _aCumhuriyet Halk Partisi (CHP)
222 _aGençlik raporları
245 _aCHP iktidarında gençlik
_bCHP gençlik projesi
_bİstanbul Lütfü Kırdar Kongre Salonu 30 Ocak 1999
_cCHP
246 _aCHP gençlik projesi, Ocak 1999
246 _aGençlik raporu, 1999
260 _aAnkara
_bCHP
_cOcak 1999
300 _a20 s.
_c30 sm.
440 _aCumhuriyet Halk Partisi yayınları
_pRaporlar
500 _aBaşka yapıt adı : Gençler geliyor Türkiye
500 _aYerel numaradaki sayılar, ayları temsil eder : Ocak -1 ; Şubat - 2 ; Mart - 3 ; Nisan - 4 ; Mayıs - 5; Haziran - 6 ; Temmuz - 7; Ağustos - 8; Eylül - 9; Ekim - 10; Kasım - 11 ; Aralık - 12.
610 _aCHP
_xProgramlar
_yGençlik
610 _aCHP
_xGençlik sorunları
_yÇözüm önerileri
610 _aCHP
_xGençlik
_yRaporlar
650 _aGençlik
_xRaporlar
_zTürkiye
740 _aGençler geliyor Türkiye
740 _aCHP gençlik programı
740 _aCHP gençlik raporları
740 _aCHP gençlik projesi, Ocak 1999
830 _aCHP raporları
942 _2ddc
_cBKS
999 _c1909
_d1909